00457nam a2200181 a 4500001001300000003000900013005001700022008004100039020001000080082001600090100001400106245002800120260003200148500003500180505001900215650002700234700001400261nice12345678IN_TiNIC20260116011936.0050524s0000 mada grp 000 0 ara  ac10000a232.95bWOO aWood, E A aYisu Fi Bait-O-Asideqae aMadras bNo Publisherc0000 aincludes index and biblioraphy2 aReserve copies aJesus Christ-Biography1 aWood, E A